000 00677nam a2200241Ia 4500
003 OSt
005 20221005051012.0
006 a|||||r|||| 00| 0
007 ta
008 221004b |||||||| |||| 00| 0 eng d
024 _a18790
037 _bGift, 04/06/2015,
_cTextual
040 _aCRL
_cCRL
_beng
041 _2eng
_aeng
082 _aO111,2J59,BD, K4
100 _aChapman George
245 0 _aBussy D' Ambois
260 _aLincoln
_bUniversity of Nebraska Press U.S.A
_c1964
300 _a127p.
_ccm.
650 _aENGLISH LITERATURE
942 _hO111,2J59,BD, K4
_cTEXL
_2cc
999 _c958147
_d958147